| 000 | 00650nam a22001937a 4500 | ||
|---|---|---|---|
| 003 | OSt | ||
| 005 | 20240620152531.0 | ||
| 008 | 240620b |||||||| |||| 00| 0 eng d | ||
| 020 | _a0521565839 | ||
| 040 |
_aMUST _cMUST |
||
| 082 |
_a530.12 STR 1998 _b19 |
||
| 100 |
_aStrange Paul _917539 |
||
| 245 |
_aRelativistic Quantum Mechanics: _bWith Applications in Condensed Matter and Atomic Physics/ _cPaul Strange, |
||
| 260 |
_aUK: _bCambridge University, _c1998. |
||
| 300 |
_axvi,594,: _bill,; _c24.3cm. |
||
| 504 | _aIncludes Bibliographical Appendixes, references and Indexes. | ||
| 650 |
_2Quantum Mechanics _aPhysics _9809 |
||
| 942 |
_2ddc _cO_SHELF |
||
| 999 |
_c8673 _d8673 |
||